|
|
|
|
| LEADER |
00746nam a2200217 a 4500 |
| 001 |
c000372119 |
| 003 |
CARM |
| 005 |
00000000000000.0 |
| 008 |
871209s198 mx 00000 spa d |
| 019 |
1 |
|
|a 4774773
|5 LACONCORD2021
|
| 020 |
|
|
|a 9684341865
|
| 035 |
|
|
|a (OCoLC)9232244
|5 LACONCORD2021
|
| 040 |
|
|
|a NUN
|c NUN
|
| 100 |
1 |
|
|a Jamís, Fayad.
|
| 245 |
1 |
4 |
|a Los puentes /
|c Fayad Jamís.
|
| 260 |
|
|
|a México, D.F., México :
|b Premià Editora,
|c 1981.
|
| 300 |
|
|
|a 89 p.
|
| 490 |
0 |
|
|a Libros del bicho ;
|v 23.
|
| 852 |
8 |
|
|b CARM
|h A1:AP25F0
|i B07842
|p 0350596
|f BK
|
| 999 |
f |
f |
|i ef537794-f18a-53f7-9aa3-2551534c2ae1
|s a71b94e0-57d5-5fa2-9ea4-6bc8f7d873ae
|
| 952 |
f |
f |
|p Can circulate
|a CAVAL
|b CAVAL
|c CAVAL
|d CARM 1 Store
|e B07842
|f A1:AP25F0
|h Other scheme
|i book
|m 0350596
|